[Event "Torino SST Junior-Senior (giallo)"]
[Site "Torino"]
[Date "2012.04.19"]
[Round "7"]
[White "Revello, Beatrice"]
[Black "Messina, Alessandro"]
[Result "0-1"]
[WhiteElo "1674"]
[BlackElo "1931"]
[PlyCount "66"]
[EventDate "2011.10.20"]
[EventType "schev"]
[EventRounds "8"]
[EventCountry "ITA"]
[SourceTitle "EXT 2018"]
[Source "ChessBase"]
[SourceDate "2017.10.13"]
[SourceVersion "1"]
[SourceVersionDate "2017.10.13"]
[SourceQuality "1"]

1. d4 d5 2. Nf3 Nf6 3. e3 e6 4. Bd3 c5 5. b3 Nc6 6. Bb2 Bd7 7. Nbd2 Rc8 8. c4 dxc4 9. Nxc4 b5 10. Nce5 Nb4 11. Ng5 Nxd3+ 12. Qxd3 c4 13. bxc4 bxc4 14. Qc2 Qa5+ 15. Bc3 Bb4 16. Bxb4 Qxb4+ 17. Kf1 Ba4 18. Qb1 Qxb1+ 19. Rxb1 0-0 20. Ke2 Nd5 21. Ne4 Bc2 22. Nd6 Nc3+ 23. Kd2 Ne4+ 24. Nxe4 Bxe4 25. Rbg1 c3+ 26. Ke1 Rc7 27. f3 Bc2 28. Kf2 Rb8 29. Rc1 Rb2 30. a3 f6 31. Ng4 Bd3+ 32. Kg1 c2 33. Kf2 Rb1 0-1

[Event "Torino SST Junior-Senior (giallo)"]
[Site "Torino"]
[Date "2011.12.04"]
[Round "2"]
[White "Messina, Alessandro"]
[Black "Pogonea, Cozmin"]
[Result "0-1"]
[WhiteElo "1931"]
[BlackElo "1713"]
[PlyCount "102"]
[EventDate "2011.10.20"]
[EventType "schev"]
[EventRounds "8"]
[EventCountry "ITA"]
[SourceTitle "EXT 2018"]
[Source "ChessBase"]
[SourceDate "2017.10.13"]
[SourceVersion "1"]
[SourceVersionDate "2017.10.13"]
[SourceQuality "1"]

1. d4 d5 2. c4 dxc4 3. Nc3 e5 4. e3 exd4 5. exd4 Bd6 6. Bxc4 Nf6 7. Nf3 0-0 8. 0-0 h6 9. Ne5 Nbd7 10. Re1 Nb6 11. Bb3 Bf5 12. Qf3 Qc8 13. h3 a5 14. Re2 a4 15. Bc2 Bxc2 16. Rxc2 Kh7 17. Nb5 Bxe5 18. dxe5 Nfd5 19. Rc5 c6 20. Bd2 Qe6 21. Nd6 Nd7 22. Qe4+ Kg8 23. Rc2 Ra7 24. Qd4 c5 25. Rxc5 Nxc5 26. Qxc5 b6 27. Qd4 Rc7 28. Nb5 Rc5 29. Qxa4 Qxe5 30. Nc3 Nxc3 31. Bxc3 Qd5 32. Rd1 Qc6 33. Qd4 Rg5 34. f3 Qxf3 35. Rd2 Qxh3 36. Qxb6 Re8 37. Qf2 Re4 38. Rd4 Rxd4 39. Bxd4 Qd3 40. Be3 Rf5 41. Bf4 g5 42. Qd2 Qb1+ 43. Qc1 Qxc1+ 44. Bxc1 Rc5 45. Be3 Rc2 46. Bd4 Kf8 47. a4 Ke7 48. a5 Rc6 49. Bc3 Kd7 50. b4 Kc8 51. b5 Rxc3 0-1

[Event "Turin Piemonte op 8th"]
[Site "Turin"]
[Date "2008.09.19"]
[Round "1"]
[White "Rotoni, Matteo"]
[Black "Messina, Alessandro"]
[Result "0-1"]
[WhiteElo "2089"]
[BlackElo "1596"]
[PlyCount "152"]
[EventDate "2008.09.19"]
[EventType "swiss"]
[EventRounds "6"]
[EventCountry "ITA"]
[SourceTitle "EXT 2011"]
[Source "ChessBase"]
[SourceDate "2010.11.26"]
[SourceVersion "1"]
[SourceVersionDate "2010.11.26"]
[SourceQuality "1"]

1. e4 e6 2. d4 d5 3. Nc3 Bb4 4. Bd3 dxe4 5. Bxe4 Nf6 6. Bd3 0-0 7. Nf3 Nc6 8. 0-0 Re8 9. Ne2 Bd6 10. Bg5 h6 11. Bh4 Nb4 12. Bc4 b6 13. a3 Nbd5 14. Bb3 Bb7 15. c4 Nf4 16. Ba4 c6 17. Nxf4 Bxf4 18. Qe2 g5 19. Bg3 Bxg3 20. hxg3 Rc8 21. Rad1 Qd6 22. Ne5 Red8 23. Qf3 Kg7 24. Rfe1 Qc7 25. Qc3 c5 26. dxc5 Rxd1 27. Rxd1 Ne4 28. Qd4 Qxc5 29. b4 Qxd4 30. Rxd4 Nf6 31. g4 Rc7 32. f3 Kf8 33. Rd8+ Ke7 34. Rh8 Kd6 35. Nd3 Rxc4 36. Rxh6 Rc3 37. Nb2 Ke7 38. Rh8 Rxa3 39. Rb8 Bd5 40. Rc8 Kd6 41. Bb5 Rb3 42. Nd3 a5 43. Rd8+ Kc7 44. Rf8 e5 45. Ba6 Nd7 46. Rc8+ Kd6 47. bxa5 bxa5 48. Nc1 Rb1 49. Bd3 Ra1 50. Kf2 a4 51. Ne2 Ra2 52. Ke3 Nb6 53. Rc1 Rb2 54. g3 a3 55. f4 gxf4+ 56. gxf4 a2 57. Nc3 Nc4+ 58. Bxc4 Bxc4 59. fxe5+ Kxe5 60. Nxa2 Bxa2 61. Rc5+ Bd5 62. Rc8 Rg2 63. Re8+ Be6 64. Kf3 Rxg4 65. Rb8 f5 66. Rb5+ Bd5+ 67. Kf2 Rg2+ 68. Kf1 Rc2 69. Rb1 Bc4+ 70. Kg1 f4 71. Rb8 Ke4 72. Re8+ Kf3 73. Ra8 Kg3 74. Ra3+ f3 75. Ra1 Rg2+ 76. Kh1 Rh2+ 0-1